000 00889nam a22002297a 4500
999 _c7015
_d7015
003 AR-CdUCM
008 190319b ||||| |||| 00| 0 spa d
040 _aMUNICIPALIDAD PROVINCIAL DEL CUSCO
_cBIBLIOTECA MUNICIPAL DEL CUSCO
082 _a341 /
_bD76
100 _aDorantes Tamayo, Luis
_919768
245 _a¿Que es el derecho? :
_bintroducción filosófica a su estudio /
260 _aMexico :
_bUteha,
_c1962.
300 _a227 páginas ;
_c18 cm.
440 _aManuales Uteha
_n125/125a
_919769
505 _aLa teoría ontológica del derecho -- Naturaleza y derecho -- Sociedad y derecho -- Derecho y estado -- Derecho positivo y derecho natural -- Teoría axiologica del derecho...
650 _aTeoría del derecho.
_919770
650 _aDerecho.
_9739
650 _aFilosofía del derecho
_919771
650 _aDerecho natural.
_91768
942 _2ddc
_cLIBROS
945 _awfj